Delitos contra la vida y la integridad corporal: con una introducción al estudio de la parte especial del Derecho Penal.

Сохранить в:
Библиографические подробности
Главный автор: Reynosos Dávila, Roberto
Формат:
Язык:испанский
Опубликовано: Ciudad de México, México Porrúa 1997
Предметы:
Метки: Добавить метку
Нет меток, Требуется 1-ая метка записи!

MARC

LEADER 00000nam a2200000 a 4500
001 UCM6664
003 CL-VaPUC
005 20210529001928.0
008 021122e19970000MX |||||||||||||||||spa|d
999 |c 301900  |d 301898 
040 |c Pontificia Universidad Católica de Valparaíso 
082 0 4 |a 364.15 REY 1997  |2 21 
100 0 |a Reynosos Dávila, Roberto  |9 472437 
245 1 0 |a Delitos contra la vida y la integridad corporal: con una introducción al estudio de la parte especial del Derecho Penal. 
260 0 3 |a Ciudad de México, México  |b Porrúa  |c 1997 
300 |a 401 páginas. 
583 |a last modification  |c 20021122 00:00:00  |k Rodrigo Vera 
650 0 |a Delitos  |9 224143 
650 7 |a DELITOS CONTRA LAS PERSONAS  |2 CL-VaPUC  |9 256124 
650 7 |a DERECHO PENAL  |2 CL-VaPUC  |9 11 
650 7 |a HOMICIDIO  |2 CL-VaPUC  |9 336529 
650 0 |a Aborto  |9 256680 
650 7 |a PARRICIDIO  |2 CL-VaPUC  |9 325762 
650 7 |a SUICIDIO  |2 CL-VaPUC  |9 317374 
650 7 |a INFANTICIDIO  |2 CL-VaPUC  |9 368491 
942 |c BK  |2 ddc 
945 |d 20021122 00:00:00  |a vberengu 
952 |0 0  |1 0  |2 ddc  |4 0  |6 364_150000000000000_REY_1997  |7 0  |8 A  |9 361660  |a BIBDER  |b BIBDER  |d 2019-11-21  |i 3859266  |l 1  |o 364.15 REY 1997  |p 3859266  |r 2023-01-25  |s 2020-03-13  |t 1  |w 2019-11-21  |y BK  |k DER